[Event "DEN-ch"]
[Site "Taastrup"]
[Date "1998.04.08"]
[Round "5"]
[White "Mortensen, Erling"]
[Black "Hansen, Sune Berg"]
[Result "0-1"]
[WhiteElo "2510"]
[BlackElo "2480"]
[Annotator "Hansen,Cu"]
[PlyCount "74"]
[EventDate "1998.04.04"]
[EventType "tourn"]
[EventRounds "9"]
[EventCountry "DEN"]
[EventCategory "9"]
[SourceTitle "CBM 065"]
[Source "ChessBase"]
[SourceDate "1998.08.06"]
[SourceVersion "1"]
[SourceVersionDate "1998.08.06"]
[SourceQuality "1"]

1. e4 {Rogozenko} c5 2. Nf3 Nc6 3. Bb5 e6 4. Bxc6 {Rogozenko: Not waiting
until Nge7, White breaks Black´s pawn structure and then develops the Bishop
on the long diagonal, trying to open the position. However, the practice has
shown the drawbacks of this logical plan: when the position will be opened,
Black has his chances due to the Bishop´s pair.} (4. O-O {Rogozenko} Nge7 5. b3
a6 6. Bxc6 Nxc6 7. Bb2 b5 8. a4 b4 9. Re1 Bb7 10. d3 d6 11. d4 Qf6 12. Qd3 cxd4
13. Nxd4 Nxd4 14. Bxd4 Qg6 15. Nd2 d5 16. exd5 Bxd5 17. Qxg6 hxg6 18. Nf1 {
Golod,V-Greenfeld,A/Beersheba/1997}) 4... bxc6 5. O-O (5. d3 {Rogozenko} Ne7 6.
Ng5 {Another logical plan here - by playing f2-f4, White´s main idea is to
built a kind of "pawnwall". Taking into consideration Black´s broken structure
is quite dufficult for Black to create counterplay against it.} Ng6 7. f4 Be7
8. Nf3 Qc7 9. g3 d6 10. Qe2 f5 11. h4 O-O 12. e5 Nh8 13. b3 Nf7 14. Bb2 Rb8 15.
exd6 Bxd6 16. Nbd2 Ba6 17. O-O-O Rfe8 18. Rhe1 Rbd8 19. Ne5 Bf8 20. Nxf7 Qxf7
21. Nf3 $16 {Komliakov,V-Milanovic,D/Pozarevac/1995.}) 5... Ne7 6. b3 Ng6 7.
Bb2 Qc7 {[%csl Gc8,Gf8,Rc5,Rc6]} (7... f6 {Rogozenko} 8. e5 Be7 9. d3 Qc7 10.
Re1 O-O 11. Nbd2 fxe5 12. Nxe5 Nh8 13. Qh5 d6 14. Nec4 Ng6 15. Re3 Rf5 16. Qd1
d5 17. Na3 Bd6 18. Nf1 e5 19. c4 Qf7 20. Qe1 Bd7 21. Ng3 Rf4 22. Rc1 Rf8 $17 {
Wach M.-Glek I./Linz/1997}) 8. d4 $2 {A typical sicilian move. However one has
to realise that white normally gets good piece-play in return for the exchange
of d4-P for c5-P. Positionally this P-exchange is to blacks advantage(open
c-<->, better center-Ps).  In this game - before 8.d4 black had a compact
P-center, ^^, but also the worse P-structure (c5,c6).  After 8. d4 black gets
rid of his doubled c-Ps for free. White does not improve his attacking-chances.
} (8. e5 {Rogozenko} Be7 9. d3 O-O 10. Nbd2 f6 11. exf6 gxf6 12. Ne4 d5 13. Ng3
e5 14. Re1 Bd6 15. c4 $13 {Wach,M-Löbler,H/AUT-chT96/97.}) (8. Re1 {Rogozenko}
e5 $11) 8... cxd4 9. Qxd4 f6 $15 {[%csl Gc6,Gc8,Gd7,Ge6,Gf6,Gf8]} 10. c4 {
/\c4-c5.} c5 11. Qe3 Be7 12. e5 $2 {[%cal Ya8h1]} (12. Nc3 $142 $15) (12. Nbd2
$142 {Rogozenko} O-O 13. Rfe1 $11) 12... O-O 13. Nbd2 Bb7 14. Rfe1 f5 {
Rogozenko: Due to his strong Bishop on b7, Black has good attacking chances on
the kingside. Black has ^^ so normally he would want to open up the position.
However in the following moves black gets very strong pressure in the long
diagonal /^ a8-h1 with Bb7 and Qc6, which is why the textmove is good} 15. Rad1
Qc6 {[%cal Yb7h1]} 16. Re2 (16. Nf1 $15 {Rogozenko}) 16... h6 17. Ne1 {
Rogozenko: Now Black wins material. 17.Nf1 was necessary, although the
position remains with big advantage for Black.} Bg5 18. Qg3 (18. Qc3 {Rogozenko
} Nf4 19. Re3 Nxg2 $19) 18... Nf4 19. Re3 Qc8 $6 (19... Nh5 $142 $19 20. Qh3 {
Rogozenko} Bxe3 21. fxe3 g6) 20. Ndf3 Nh5 21. Qh3 Bxe3 22. Qxh5 (22. fxe3 {
Rogozenko: Because of unstable position of the Knight on h5, White retains
some tactical chances. The position must be won for Black, though.} Qe8 23. Nd3
Rc8 24. Ba3 g5 25. Nxc5 g4 26. Qh4 Rxc5 27. Bxc5 gxf3 28. Bxf8 Kxf8 $17) 22...
Bd4 23. Nxd4 cxd4 24. Rxd4 $17 f4 25. Qg6 (25. Qg4 $8 {Rogozenko} g5 (25... f3
$5 26. Nxf3 Bxf3 27. gxf3 Qb7) 26. Qh5 Kh7 27. h4 $132) 25... Rf5 26. f3 Bc6 (
26... Rxe5 $2 {Rogozenko} 27. Rxf4 Rxe1+ 28. Kf2 e5 29. Rf7 $18) 27. Qg4 $2 (
27. Rd2 $142 $17 {Was a better fighting chance}) (27. Rd1 $17 {Rogozenko})
27... Rxe5 28. Nd3 Rg5 29. Qxf4 Qb7 30. Ne5 Rf8 {[%csl Rf3][%cal Yc6h1,Yf8f1]}
31. Qe3 Bxf3 32. Nxf3 Rxf3 33. Rxd7 Rxe3 34. Rxb7 Re2 {[%cal Re2a2,Re2h2,Rg5g2]
} 35. Bd4 Rgxg2+ 36. Kf1 Rxa2 37. c5 Rgd2 0-1

[Event "Helsingor Jubilee"]
[Site "Helsingor"]
[Date "1999.10.19"]
[Round "1"]
[White "Hansen, Sune Berg"]
[Black "Andersson, Ulf"]
[Result "0-1"]
[WhiteElo "2558"]
[BlackElo "2623"]
[Annotator "Hansen,SB"]
[PlyCount "46"]
[EventDate "1999.10.19"]
[EventType "tourn"]
[EventRounds "6"]
[EventCountry "DEN"]
[EventCategory "13"]
[SourceTitle "CBM 074"]
[Source "ChessBase"]
[SourceDate "2000.02.01"]
[SourceVersion "1"]
[SourceVersionDate "2000.02.01"]
[SourceQuality "1"]

1. e4 {[%mdl 4]} c5 2. Nc3 {Designed to avoid Najdorf and Sveshnikov variations
} Nc6 3. Nf3 Nf6 {Black really wants to play the Sveshnikov another way to try
and achieve this is} (3... e6 4. d4 cxd4 5. Nxd4 Nf6 6. Ndb5 d6 7. Bf4 e5 8.
Bg5 {But this gives white many interesting alternatives like 6.Be2,6.Nxc6 and
6.Be3. Some players prefer to change the structure and avoid the open sicilian
altogether with 3...e5. But this doesn't seem consistently dynamic for a
Sveshnikov-player.}) 4. Bb5 {This has been known as good for white since the
late eighties.} Qc7 (4... Nd4 5. e5 Nxb5 6. Nxb5 Nd5 7. Ng5 {Was seen in two
recent games from the VISA-Nordic grandprix, white won both games.}) 5. O-O e6
6. Re1 d6 7. Bxc6+ $5 (7. d4 cxd4 8. Nd5 exd5 $1 9. exd5+ Be7 10. Nxd4 Bd7 11.
dxc6 bxc6 12. Qe2 O-O $11 {Doesn't seem to promise white any advantage}) 7...
Qxc6 8. d4 Be7 $1 (8... cxd4 9. Nxd4 Qb6 10. Be3 {Is much too dangerous.}) 9.
e5 $146 (9. d5 Qc7 {Gives black a very solid position, and the bishop pair
secures excellent longterm winning chances.}) 9... dxe5 10. dxe5 (10. Nxe5 Qd6
11. Nb5 Qb6 $11) 10... Nd5 11. Ne4 h6 (11... b5 12. Bg5 Bb7 13. Bxe7 Kxe7 {
Was another way to play, white's iniative is evaporating very quickly if he
doesn't play carefully.}) 12. c4 $6 {Not dynamic enough, white had to act
before the pair of bishops becomes a telling factor.} (12. Nd6+ $5 Bxd6 13.
exd6 b5 (13... c4 14. Qd4 $16) 14. c4 bxc4 15. Ne5 Qxd6 16. Qg4 Bb7 $1 (16...
g5 17. Nxc4 Qe7 18. b3 Bb7 19. Bb2 $44) 17. Qxg7 O-O-O 18. Qxf7 Rhf8 $13) {
At the moment white has a lead in development, but black is very solid and
it's not possible for white to do any damage to the black position before he
has completed his development. The pawn structure also indicate that black's
whitesquared bishop will be very strong on the a8-h1 diagonal.} 12... Nb6 13.
b3 Nd7 14. b4 $4 {Based on a miscalculation. White realized that if black gets
his bishop to b7 and castles queenside he will have very good chances for
starting a kingside attack by pushing his g-pawn. Instead white should put his
rooks on the central lines and just wait.} cxb4 15. Bb2 O-O {Now black is
simply winning white doesn't get any attack for his pawn.} 16. Rc1 Rd8 17. Nd4
$2 Qa6 $1 18. Nb5 Nxe5 19. Ned6 (19. Qb3 Nd3 20. Nc7 Nxc1 21. Qg3 Ne2+ {
Would have been a fitting finish}) 19... Ng6 20. c5 Qc6 21. Qd4 e5 22. Qxb4 Be6
23. Qd2 $2 Qxb5 0-1

[Event "NED-ch52"]
[Site "Rotterdam"]
[Date "1997.06.23"]
[Round "3"]
[White "Riemersma, Liafbern"]
[Black "Cifuentes Parada, Roberto"]
[Result "0-1"]
[WhiteElo "2435"]
[BlackElo "2515"]
[Annotator "Har Zvi,R"]
[PlyCount "70"]
[EventDate "1997.06.21"]
[EventType "tourn"]
[EventRounds "11"]
[EventCountry "NED"]
[EventCategory "12"]
[SourceTitle "CBM 060"]
[Source "ChessBase"]
[SourceDate "1997.09.29"]
[SourceVersion "1"]
[SourceVersionDate "1997.09.29"]
[SourceQuality "1"]

1. e4 d6 2. Nc3 c5 3. Nf3 e5 4. Bc4 Nc6 5. d3 Bg4 (5... h6 6. Nd5 (6. O-O g5 (
6... Nf6 7. h3 g5 8. Nh2 Bg7 9. Nd5 Nxd5 10. Bxd5 h5 11. Bxc6+ bxc6 12. g4 hxg4
13. hxg4 Be6 14. b3 Rh4 15. Be3 Kd7 16. f3 Qh8 $132 {Saltaev,M-Stripunsky,A
Volgograd 1994}) 7. Nd5 Bg7 8. c3 Nge7 9. Ne1 Nxd5 10. Bxd5 O-O (10... Ne7 11.
Bc4 O-O 12. Qh5 d5 13. Bb3 c4 14. dxc4 dxe4 15. Qe2 f5 16. f3 Ng6 (16... exf3
$2 17. Nxf3 {[%cal Gc4c5,Yf3g5]}) 17. fxe4 f4 $44 {Chandler,M-Ochoa de
Echaguen,F Dubai olm 1986}) 11. Qh5 Be6 12. h4 gxh4 13. Bxh6 Bxh6 14. Qxh6 Bxd5
15. Nf3 f6 16. Qg6+ Kh8 17. Qh5+ Kg7 18. Qg4+ Kf7 19. exd5 Ne7 20. Nxh4 Qc8 $1
21. Qxc8 Raxc8 22. c4 Rh8 $44 {[%cal Gh8h1,Ye7f5,Yf5d4,Gg8g1] Ljubojevic,
L-Georgiev,Ki Wijk 1988}) 6... a6 (6... Nf6 7. c3 (7. O-O Be7 8. Ne1 O-O 9. f4
exf4 10. Bxf4 {1/2-1/2 Watson,W-Arnason,J Beer-Sheva 1987}) 7... Be7 8. a3 O-O
9. b4 Nxd5 10. Bxd5 Bf6 11. h3 Ne7 12. Ba2 b6 13. O-O Bb7 14. Nh2 Kh7 15. Ng4
Ng6 $132 {Horvath,T-Luecke,N Hamburg IMT 1990}) 7. a4 Nf6 8. c3 Be6 9. O-O Be7
10. d4 cxd4 11. cxd4 Bg4 12. Nxe7 (12. dxe5 dxe5 13. Nxf6+ Bxf6 14. Be3) 12...
Qxe7 13. d5 Nd4 14. Be2 Nxe2+ 15. Qxe2 Rc8 $13 {/=/+ Serper,G-Krasenkov,M
URS-ch ot Minsk 1986}) 6. h3 Bxf3 7. Qxf3 Nf6 8. Ne2 (8. g4 Nd4 9. Qd1 Be7 10.
a4 Nd7 11. Nd5 Bh4 12. Be3 Ne6 13. Qd2 h6 14. a5 Rb8 15. b4 b5 $13 {Hector,
J-Guimaraes,J Oviedo 45' 1992}) 8... Be7 9. c3 O-O (9... Na5 10. Bb5+) 10. Ng3
$14 (10. Bb3 $14 {[%csl Gb3,Gc1,Rd5] just keeping the two bishops,with a very
pleasent position for white if for example you compare this position to the
Italian opening here is a dream for each Italian player}) 10... Na5 11. Nf5
Nxc4 12. dxc4 {[%csl Rd5] the position has changed very much in the last few
moves,you started from a Sicilian opening but if you show this position and
ask someone to guess the opening,I put my money on Italian or some other kind
of Spanish.white seems to enjoy here a very nice advantage some key squares in
the center under his control,the half open "d" file where he can put pressure
on black's "d" pawn and maybe some attacking chances on the king's side after
pushing the h and g pawn ahead.} Ne8 13. h4 Rb8 (13... g6 14. Nxe7+ (14. Nh6+
Kg7 15. h5) 14... Qxe7 15. h5 $36) 14. Be3 Qd7 (14... b5 $6 15. O-O-O Qc7 (
15... bxc4 16. Bxc5 Qc7 17. Ba3 {[%csl Rc4,Rd6]}) 16. cxb5 Rxb5 17. h5 {
when white can play both on the king's side with ideas such as g4-g5-g6,and
can also try and put a lot of pressure on the weak "d" pawn with Rd2-Rhd1...})
15. O-O-O Qe6 16. Qe2 {16.g4 seems better since anyway black's queens can not
move now so why to defend the pawn?} (16. g4 $5 {[%cal Gg4g5,Gh4h5]}) 16... a6
{despite all white's advantages the position is not easy at all,since black
holds the d6 pawn quite easily,and after the opposite castles white can not
think only about attack since black may create threates on the queen's side}
17. a4 {it seems that Qd2 with the idea Qd5 would have given white atleast +/=
without any problems} (17. Qd2 $5 Rc8 $1 (17... Kh8 18. Qd5 Qxd5 19. Rxd5) (
17... Nf6 18. Nxe7+ Qxe7 19. Qxd6 Qxd6 20. Rxd6 Nxe4 21. Rd5 Rfe8 22. f3 Ng3
23. Re1 $16 {[%csl Rc5,Re5][%cal Ge3c5,Ge3f2]}) 18. Qd5 Rc7 19. f4 (19. Qxe6
fxe6 20. Nxe7+ Rxe7 21. f3 $14) 19... Qxd5 20. cxd5 $14 (20. exd5 $5 e4 21. h5)
) 17... f6 18. Rh3 {I prefer first to advance the pawns then the heavy pieces,
since in this game white did not create real attacking threats} (18. g4 $5 $36
{[%cal Gg4g5]} g6 $6 19. Nh6+ Kg7 20. h5 $36 {[%cal Gh5g6,Yh1h2,Yd1h1,Gh1h8]})
18... Rf7 19. Rg3 Kh8 20. f4 Bf8 {now we can sum white's play as a wrong one
with bad results for him,black is fine now and soon will have the initiative
after b5...} 21. h5 (21. fxe5 dxe5 $13 {[%cal Ge8c7,Gb7b5]} (21... Qxe5) (21...
fxe5 $6 22. Rf3 $14 {[%cal Gf1f8]})) 21... b5 22. axb5 axb5 {22...Ra7 is also
possible but this direct move is simply the best} 23. cxb5 Qb3 $40 {suddenly
everything changes,black has now a very strong initiative ,although as we will
see it was possible for white to defend with an unclear position,but I thing
white was in a serious time trouble,this also explains how he lost the game
just in the last moves} 24. fxe5 $6 {just helping black,after taking on e5
white gives black a very important square for his knight on f6,which will give
black a clear advantage,as we will see white can get the same position only
with the "f" pawns on the board which will not allow black to play Nf6} (24.
Qc2 Qxb5 $17 {[%csl Rb2][%cal Gf7a7,Ga7a2,Ga7a1] when I find difficult for
white not to lose material while trying to defend against a penetration along
the "a" file}) (24. c4 $142 $8 Ra7 25. Qc2 Qb4 26. Qc3 Qxc3+ 27. bxc3 Ra4 28.
Kc2 $13) 24... fxe5 25. c4 (25. Qc2 Qxb5 26. c4 Qa5) 25... Ra7 26. Qc2 Qb4 27.
Qc3 Qxc3+ 28. bxc3 Nf6 {this is the move black could have played without
white's help on move 24} 29. Kc2 $6 {anyway on his next move black is going to
play Nxe4 when white will move his rook from g3,so maybe then I have something
better than Kc2,so let's start with Rf3 and then see} (29. Rf3 Nxe4 30. Ng3
Nxc3 (30... Nxg3 31. Rxg3 Ra4 32. Rg4 $13) 31. Kc2 Na2 32. Bd2 $44 {and
despite being a pawn down,white's compensation is obvious,although I do not he
is better}) 29... Nxe4 30. Rf3 (30. Rg4 Ra2+ 31. Kc1 (31. Kd3 Nf6 32. Rh4 Rxg2
$17) 31... Nxc3 32. Rd2 d5 $15 {/-/+}) 30... Ra2+ 31. Kd3 (31. Kc1 Rxg2 $17 {
[%csl Rc3][%cal Gb8a8,Ga8a2,Ga2a1]}) 31... Nf6 32. Ng3 $8 Ra4 (32... Rxg2 33.
h6 $132) 33. Bg5 (33. Rdf1 $6 d5 $1 34. cxd5 c4+ $1 (34... e4+ $6 35. Nxe4 Rxe4
36. Rxf6 Rxe3+ 37. Kxe3 gxf6 38. c4 {when it is not clear if black is winning
here} (38. Rxf6)) 35. Ke2 (35. Kc2 Rxb5 $17) 35... Ra2+ 36. Bd2 Rxb5 $17 {
[%csl Rd5][%cal Ga2h2]}) 33... d5 34. cxd5 $4 {losing immediately,but I think
I am not mistaken if I say that white has seconds on his clock,anyway after
Ke2 white is still fighting} (34. Ke2 $8 e4 35. Rf5 Rxc4 36. Bxf6 gxf6 37.
Rdxd5 $13) 34... e4+ 35. Nxe4 Nxe4 0-1

[Event "RUS-Cup01 Chigorin Memorial"]
[Site "St Petersburg"]
[Date "1997.11.08"]
[Round "8"]
[White "Makarov, Marat"]
[Black "Shariyazdanov, Andrey"]
[Result "0-1"]
[WhiteElo "2540"]
[BlackElo "2465"]
[Annotator "Har Zvi,R"]
[PlyCount "80"]
[EventDate "1997.11.01"]
[EventType "swiss"]
[EventRounds "9"]
[EventCountry "RUS"]
[SourceTitle "CBM 062"]
[Source "ChessBase"]
[SourceDate "1998.01.31"]
[SourceVersion "1"]
[SourceVersionDate "1998.01.31"]
[SourceQuality "1"]

1. e4 c5 2. Nf3 Nc6 3. Bb5 e6 4. O-O Nge7 5. c3 a6 (5... d5 6. e5 (6. exd5 $5)
6... Bd7 7. Re1 $2 Nf5 $2 (7... Nxe5 8. Nxe5 Bxb5 9. Qh5 g6 (9... Ng6 10. Nxg6
fxg6 11. Qg4 (11. Rxe6+ Kf7 12. Qg4 (12. Rxg6 hxg6 13. Qxh8 Qe7 $19) 12... Bd7)
11... Bd7) 10. Qf3 Nf5 11. g4 Nd6) 8. Bf1 Be7 9. d3 O-O 10. g3 f6 11. exf6 Bxf6
(11... gxf6 $5) 12. Na3 g5 $6 (12... h6 $15) 13. Bg2 h6 14. Nc2 $13 {
Morozevich,A-Sveshnikov,E/RUS-ch Elista 1995;CBM 50 [Dolmatov ]}) 6. Be2 d5 7.
exd5 Nxd5 8. d4 cxd4 (8... Be7 9. c4 Nf6 10. dxc5 Bxc5 11. Qxd8+ Kxd8 12. Nc3
Ke7 13. Rd1 Rd8 14. Rxd8 Nxd8 15. a3 Bd7 16. b4 Bd6 17. Be3 h6 18. Rd1 Rc8 $14
{Kasparov,G-Kramnik,V/Paris-PCA 1995;EXP 49}) 9. Nxd4 Bd7 $5 (9... Nxd4 10.
Qxd4 Bd7 11. Bf3 Bc6 12. Nd2 Qc7 13. Nc4 Rd8 14. Rd1 f6 15. Qg4 Kf7 16. Re1 Re8
17. a4 $14 {Kramnik,V-Miladinovic,I/Belgrad 1995;CBM 51}) (9... Bd6 10. Bf3 O-O
11. Nxc6 bxc6 12. c4 Ne7 13. Nc3 Qc7 14. g3 Rb8 $132 {Kaid,A-Mainka,R/Bad
Zwosten op 1997;EXP 57}) 10. Nf3 (10. Bf3 Be7 11. Nf5 exf5 12. Bxd5 O-O 13. Nd2
Qc7 14. Nf3 Rad8 15. Re1 Bf6 $13 {Vazquez,R-Becerra Rivero,J/CUB-ch
Matanzas1997;EXP 57}) 10... Qc7 (10... Bd6 $4 11. c4) 11. g3 $6 Bd6 12. Nbd2
Ne5 13. Nxe5 Bxe5 14. Nf3 Bd6 {it just seems that without any problems black
got an equal position here,this is a serious thing for white players in this
variation} 15. c4 (15. Re1 O-O 16. Bf1 Rad8) 15... Nf6 16. Be3 (16. b3 $5 {
the bishops seems better on "b2" than on "e3"} O-O 17. Bb2) 16... O-O 17. Qb3 (
17. Bd4 $5) 17... Bc6 18. Bb6 (18. Rad1 $5) 18... Qe7 19. Nd4 (19. Rad1 Rac8)
19... Be4 20. Qe3 e5 21. Nb3 Rac8 22. Rac1 (22. Rad1 $5) (22. Rfd1 $5) 22...
Bc6 23. Rfd1 {this move is not a mistake yet,but it was essential for white to
eliminate black's light colored bishop,not now nor on his next move white goes
for this.and finally has to pay an heavy price for that} (23. Na5) 23... Nd7
24. Ba5 $2 {this is the knight's place!} (24. c5 Bb8 (24... Bc7 25. Bxc7 Rxc7
26. Na5 $14) (24... Nxb6 $2 25. cxd6 Qd8 26. Na5 $18) 25. Na5 $14) 24... f5 $1
$40 {now in only one move many things had changed,black has a strong attack on
the king's side white white seems a stuck on the Queens side} 25. c5 Bb8 26.
Nd4 Be4 $1 {of course,not allowing the exchangeof his bishop} 27. Ne6 (27. c6
$5 bxc6 (27... exd4 28. cxd7 Qxd7 (28... dxe3 $2 29. dxc8=Q exf2+ 30. Kf1 Rxc8
31. Rxc8+ Kf7 32. Rxb8 $18) 29. Rxc8 Rxc8 30. Rxd4 $11 (30. Qxd4 Qxd4 31. Rxd4
$11)) 28. Bc4+ Kh8 (28... Bd5 $4 29. Nxc6 $18) 29. Ne6 Rg8 (29... Rf6 $6 30.
Qd2 $1) 30. Bb4 $5 (30. Ng5 Bd5) 30... Qxb4 31. Ng5 Rgf8 32. Rxd7 Bd5 33. Qe2
$5 $13 {[%cal Ge2h5]} (33. Bxd5 cxd5 34. Rxc8 Rxc8 35. Rxd5 Qxb2)) 27... Rf6
28. Ng5 Bc6 29. b4 Kh8 30. Qb3 (30. Bc4 $142 $5 h6 31. Nh3 Qe8 $1 {[%cal Gf5f4]
} (31... f4 $2 32. Nxf4)) 30... h6 31. Nf3 f4 {[%csl Ra5] just watch white's
bishop on "a5" this can not be a good one!so while white has nothing yet on
the Queen's side,black has already strong play on the king's side} 32. Rd5 $2 (
32. a4 Rcf8 {with just strong attack for black}) 32... Rcf8 $1 $19 {now you
see the power of the bishop,that's why I said on move 23 by white that he must
eliminate this bishop,now this bishop is clearly stronger than for example the
rook on d5!} 33. Rcd1 e4 34. Nd4 Bxd5 35. Qxd5 e3 36. f3 (36. Qxb7 exf2+ 37.
Kf1 fxg3 38. hxg3 Bxg3) 36... fxg3 37. c6 gxh2+ 38. Kh1 Rd6 39. Qxd6 Bxd6 40.
cxd7 Qxd7 0-1